| 000 | 00599nam a22002177a 4500 | ||
|---|---|---|---|
| 003 | UA-OsUOA | ||
| 001 | 63020 | ||
| 007 | ta | ||
| 008 | 20090916b un ||||| |||| 00| 0 ukr d | ||
| 090 |
_a94(477) _bН34 |
||
| 942 | _cBK | ||
| 040 |
_aUA-OsUOA _bukr _cUA-OsUOA _dUA-OsUOA |
||
| 245 |
_aНаукові записки _bСерія історична _nТом 1 |
||
| 300 | _a178 с. | ||
| 955 | _a2 | ||
| 041 | _aukr | ||
| 080 | _a94(477) | ||
| 260 |
_aЛьвів _bВільна Україна _c1946 |
||
| 650 | 7 |
_a9 Географія. Біографії. Історія _2UDC |
|
| 999 |
_c349112 _d349112 |
||